000 00561nam a2200169 4500
001 120310
003 ES-MaACL
005 20230906191523.0
007 t|
008 070214s1946 ag r ||||1| spa d
245 0 3 _aLa poesía francesa del Romanticismo al Superrealismo
_b: los grandes románticos /
_cantología ordenada por Enrique Díez-Canedo.
260 _aBuenos Aires :
_bLosada,
_c1946.
300 _a719 p. ;
_c24 cm.
700 1 _aDíez-Canedo, Enrique,
_d1879-1944
_944685
852 _aES-MaACL
_jB-2266
_bR.29337
999 _c120310
_d120310